Korea : the long road to peace.
Presents an analysis of the achievements and failures of the three-year-old war in Korea. Includes eye-witness accounts of the war by Brigadier General Michaelis, Time magazine correspondent Frank Bibney, and former Marine Sergeant Hector Cafferata who was awarded the Congressional Medal of Honor.
| Corporate Author: | |
|---|---|
| Format: | Video |
| Language: | English |
| Language Notes: | This edition in English. |
| Published: |
New York, NY :
Home Box Office,
1953.
|
| Series: | March of time
March of time on television |
| Subjects: | |
| Online Access: | Connect to this streaming video (Alexander Street Press) |
MARC
| Tag | First Indicator | Second Indicator | Subfields |
|---|---|---|---|
| LEADER | 00000cgm a2200000Ma 4500 | ||
| 001 | in00005536721 | ||
| 006 | m o c | ||
| 007 | vz |zazu| | ||
| 007 | cr |n|---||a|a | ||
| 008 | 130430s1953 nyu027 g o vueng d | ||
| 005 | 20241201225531.2 | ||
| 035 | |a (OCoLC)ocn849673366 | ||
| 040 | |a ALSTP |b eng |e pn |c ALSTP |d OCLCO |d OCLCQ |d COO |d OCLCO |d OCLCF |d OCLCO |d OCL |d OCLCO |d OCLCQ |d OCLCO |d OCL |d OCLCQ |d WYU |d TKN |d OCLCO |d OCL |d UAB |d OCLCO |d OCLCL | ||
| 035 | |a (OCoLC)849673366 | ||
| 050 | 4 | |a Internet Access |b AEGMCT | |
| 049 | |a TXAM | ||
| 245 | 0 | 0 | |a Korea : |b the long road to peace. |
| 260 | |a New York, NY : |b Home Box Office, |c 1953. | ||
| 300 | |a 1 online resource (27 min.). | ||
| 306 | |a 002630 | ||
| 336 | |a two-dimensional moving image |b tdi |2 rdacontent | ||
| 337 | |a computer |b c |2 rdamedia | ||
| 338 | |a online resource |b cr |2 rdacarrier | ||
| 490 | 0 | |a March of time | |
| 490 | 0 | |a March of time on television | |
| 500 | |a SUMMARY: Presents an analysis of the achievements and failures of the three-year-old war in Korea. Includes eye-witness accounts of the war by Brigadier General Michaelis, Time magazine correspondent Frank Bibney, and former Marine Sergeant Hector Cafferata who was awarded the Congressional Medal of Honor. | ||
| 546 | |a This edition in English. | ||
| 520 | |a Presents an analysis of the achievements and failures of the three-year-old war in Korea. Includes eye-witness accounts of the war by Brigadier General Michaelis, Time magazine correspondent Frank Bibney, and former Marine Sergeant Hector Cafferata who was awarded the Congressional Medal of Honor. | ||
| 650 | 0 | |a Korean War, 1950-1953 |v Pictorial works. | |
| 650 | 6 | |a Guerre de Corée, 1950-1953 |v Ouvrages illustrés. | |
| 647 | 7 | |a Korean War |d (1950-1953) |2 fast |0 (OCoLC)fst00988609 |1 https://id.oclc.org/worldcat/entity/E39Qhp4vB9ppv8vWbVQf96JxBX | |
| 648 | 7 | |a 1950-1953 |2 fast | |
| 655 | 7 | |a Nonfiction films. |2 fast |0 (OCoLC)fst01710269 | |
| 655 | 7 | |a Pictorial works. |2 fast |0 (OCoLC)fst01423874 | |
| 655 | 7 | |a Nonfiction films. |2 lcgft | |
| 655 | 7 | |a Films autres que de fiction. |2 rvmgf | |
| 710 | 2 | |a March of Time, Inc. | |
| 758 | |i has work: |a Korea: The Long Road to Peace (MovingImage) |1 https://id.oclc.org/worldcat/entity/E39PCYtc4H8hyKdP6TJvkJYtXb |4 https://id.oclc.org/worldcat/ontology/hasWork | ||
| 776 | 0 | 8 | |i Print version: |t Korea. |d New York, NY : Home Box Office, 1953 |w (DLC)fi 53000241 |
| 856 | 4 | 0 | |u http://proxy.library.tamu.edu/login?url=https://www.aspresolver.com/aspresolver.asp?AVN2;1793733 |z Connect to this streaming video (Alexander Street Press) |t 0 |
| 955 | |a Alexander Street Press subscription streaming video | ||
| 994 | |a 92 |b TXA | ||
| 999 | f | f | |s eaf1ae77-472c-4394-a583-f0bec9c746ec |i aadd1f5a-a700-43e7-be1f-f1c2b01eef39 |t 0 |
| 952 | f | f | |a Texas A&M University |b College Station |c Electronic Resources |d Available Online |t 0 |e Internet Access AEGMCT |h Library of Congress classification |
| 998 | f | f | |a Internet Access AEGMCT |t 0 |l Available Online |